02898naa a2200217 a 450000100080000000500110000800800410001910000160006024500980007626000090017452021950018365300220237865300260240065300220242670000210244870000210246970000200249070000220251070000200253277301280255211289062019-09-26 2019 bl uuuu u00u1 u #d1 aBOSETTO, L. aExtra????o de DNA de macieira a partir da coleta de folhas em s??lica.h[electronic resource] c2019 aA macieira (Malus x domestica Borkh.) ?? uma esp??cie cultivada de grande import??ncia econ??mica, que tem sido alvo de v??rias pesquisas em diversos campos de estudo, dentre eles, a biologia molecular. A extra????o de DNA ?? um procedimento b??sico e essencial para a maioria das an??lises moleculares, optando-se por protocolos eficientes, r??pidos e de baixo custo. Uma etapa pr??via ?? extra????o ?? a coleta do material vegetal, que em muitos casos pode ser um fator determinante para a qualidade do DNA isolado. Um m??todo que tem sido adotado atualmente, ?? a coleta de folhas em s??lica gel, onde o tecido ?? seco e armazenado ?? temperatura ambiente at?? o momento da extra????o, sem a necessidade da manuten????o do tecido em baixa temperatura. Nesse sentido, o presente trabalho teve por objetivo avaliar a efetividade da coleta de folhas de macieira, jovens e maduras, em s??lica gel para a extra????o de DNA. A maior concentra????o de DNA foi obtida a partir de folhas jovens. Contudo, em ambos os tipos de tecido foliar apresentaram concentra????es de DNA satisfat??rias. Na an??lise de qualidade foram utilizadas as absorb??ncias 260, 280 e 230, que correspondem ?? absor????o de luz nos comprimentos de onda de ??cidos nucleicos, prote??nas e contaminantes, respectivamente (Nelson e Cox, 2014; Romano e Leal-Bertioli, 2015). A pureza do DNA ?? mensurada a partir de raz??es entre esses valores. O valor da raz??o A260/A280 aceit??vel ?? entre 1,8 e 2,0, sendo que valores menores indicam contamina????o com prote??nas, e valores maiores, com fenol (Romano e Leal-Bertioli, 2015). Uma medida de qualidade secund??ria ?? a raz??o A260/A230, para a qual s??o admitidos valores entre 1,8 e 2,2 (Desjardins e Conklin, 2010). Na presente avalia????o, em ambos os tecidos foliares utilizados, as amostras de DNA apresentaram esses par??metros dentro do recomendado, indicando que o est??dio de desenvolvimento das folhas coletadas n??o interferiu na qualidade do DNA isolado. O m??todo de coleta de folhas de macieira em s??lica gel foi eficiente, possibilitando a obten????o de amostras de DNA de qualidade e concentra????o adequados para a realiza????o de an??lises moleculares. aisolamento de DNA aMalus domestica Borkh aprotocolo CTAB 2%1 aHAWERROTH, M. C.1 aKVITSCHAL, M. V.1 aGUIDOLIN, A. F.1 aCOIMBRA, J. L. M.1 aBRANCHER, T. L. tIn: ENCONTRO NACIONAL SOBRE FRUTICULTURA DE CLIMA TEMPERADO, 16., 2019, Fraiburgo. Resumos... Ca??ador: Epagri, 2019. p. 63